000 00252nam a2200109 4500
008 160629b xxu||||| |||| 00| 0 eng d
100 _91327
_a Sharma., et al
245 _aBiology
260 _aN.D
_b Arya
_c2005
300 _aBiology
942 _2ddc
_cBK
999 _c1085
_d1085